Planning for survivable networks : (Record no. 18728)

MARC details
000 -LEADER
fixed length control field 00927cam a22002654a 4500
005 - DATE AND TIME OF LATEST TRANSACTION
control field 20250216150500.0
008 - FIXED-LENGTH DATA ELEMENTS--GENERAL INFORMATION
fixed length control field 020531s2002 inuab b 001 0 eng
010 ## - LIBRARY OF CONGRESS CONTROL NUMBER
LC control number 2002008690
020 ## - INTERNATIONAL STANDARD BOOK NUMBER
ISBN 047123284X (pbk. : alk. paper)
040 ## - CATALOGING SOURCE
Original cataloging agency DLC
Transcribing agency DLC
Modifying agency DLC
042 ## - AUTHENTICATION CODE
Authentication code pcc
082 00 - DEWEY DECIMAL CLASSIFICATION NUMBER
Classification number 005.8
100 1# - MAIN ENTRY--AUTHOR
Author Name Hines, Annlee,
245 10 - TITLE STATEMENT
Title Planning for survivable networks :
Remainder of title ensuring business continuity /
Statement of responsibility, etc. Annlee Hines.
260 ## - PUBLICATION, DISTRIBUTION, ETC.
Place of Publication Indianapolis, Ind. :
Name of publisher, distributor, etc. Wiley Pub.,
Date of publication, distribution, etc. c2002.
300 ## - PHYSICAL DESCRIPTION
Pages xv, 320 p. :
500 ## - GENERAL NOTE
General note "
504 ## - BIBLIOGRAPHY, ETC. NOTE
Bibliography, etc. note Include index.
650 #0 - SUBJECT ADDED ENTRY--TOPICAL TERM
Subject / Department Computer networks
General subdivision Security measures
-- Planning.
650 #0 - SUBJECT ADDED ENTRY--TOPICAL TERM
Subject / Department Disasters.
650 #0 - SUBJECT ADDED ENTRY--TOPICAL TERM
Subject / Department Emergency management.
300 ## - PHYSICAL DESCRIPTION
-- ill., maps ;
-- 24 cm.
906 ## - LOCAL DATA ELEMENT F, LDF (RLIN)
a 7
b cbc
c orignew
d 1
e ecip
f 20
g y-gencatlg
952 ## - LOCATION AND ITEM INFORMATION (KOHA)
-- 0
-- 0
Holdings
Lost status Damaged status Permanent Location Current Location Shelving Location Date acquired Full Call Number Accession No./Barcode Date last seen item type
    Superior Information Resource Center (SIRC) Superior University- Gold Campus Superior Information Resource Center (SIRC) Superior University- Gold Campus Security 06/13/2023 005.8 HIN-P 2002 19308 06/13/2023 BOOK

Powered by Koha